The regeneration game (Record no. 113019)
[ view plain ]
| 000 -LEADER | |
|---|---|
| fixed length control field | 01368cad a22002415a 4500 |
| 001 - CONTROL NUMBER | |
| control field | L154508 |
| 008 - FIXED-LENGTH DATA ELEMENTS--GENERAL INFORMATION | |
| fixed length control field | 111216s2011 xxk f 000 0 eng d |
| 035 ## - SYSTEM CONTROL NUMBER | |
| System control number | (Sirsi) u154508 |
| 041 0# - LANGUAGE CODE | |
| Language code of text/sound track or separate title | eng |
| 100 1# - MAIN ENTRY--PERSONAL NAME | |
| Personal name | McIntyre, Steve |
| 110 2# - MAIN ENTRY--CORPORATE NAME | |
| Corporate name or jurisdiction name as entry element | Speedy Services |
| 245 04 - TITLE STATEMENT | |
| Title | The regeneration game |
| Remainder of title | the CBI/Speedy Services construction survey 2011-12 |
| Medium | [electronic resource] |
| 260 ## - PUBLICATION, DISTRIBUTION, ETC. | |
| Place of publication, distribution, etc. | London |
| Name of publisher, distributor, etc. | CBI |
| Date of publication, distribution, etc. | 2011 |
| 505 2# - FORMATTED CONTENTS NOTE | |
| Formatted contents note | The construction landscape -- The first CBI/Speedy Services national construction survey -- Firms have faced a tough operating environment -- Dealing with barriers to growth and investment -- Rising to the jobs challenge -- Sustainability: core for businesses and clients -- Impact of government strategies: all change? |
| 520 ## - SUMMARY, ETC. | |
| Summary, etc. | This is the first construction survey from the CBI, it discusses some of the challenges facing the sector and looks at opportunities for companies in the construction supply chain to take advantage of for driving growth in 2012. |
| 590 ## - LOCAL NOTE (RLIN) | |
| Local note | KA NTK |
| 651 #4 - SUBJECT ADDED ENTRY--GEOGRAPHIC NAME | |
| Geographic name | United Kingdom |
| Chronological subdivision | |
| 690 ## - LOCAL SUBJECT ADDED ENTRY--TOPICAL TERM (OCLC, RLIN) | |
| Topical term or geographic name as entry element | BUILT ENVIRONMENT-CONSTRUCTION MARKET |
| 700 1# - ADDED ENTRY--PERSONAL NAME | |
| Personal name | Brookman, Gavin |
| 710 1# - ADDED ENTRY--CORPORATE NAME | |
| Corporate name or jurisdiction name as entry element | Confederation of British Industry |
| 9 (RLIN) | 414 |
| 856 40 - ELECTRONIC LOCATION AND ACCESS | |
| Uniform Resource Identifier | <a href="https://www.cbi.org.uk/media/1221785/cbi-speedy_services_the_regeneration_game_december_2011.pdf">https://www.cbi.org.uk/media/1221785/cbi-speedy_services_the_regeneration_game_december_2011.pdf</a> |
| Public note | View the construction survey free of charge at www.cbi.org.uk |
| 942 ## - ADDED ENTRY ELEMENTS (KOHA) | |
| Suppress in OPAC | 0 |
| Withdrawn status | Lost status | Source of classification or shelving scheme | Damaged status | Not for loan | Home library | Current library | Shelving location | Date acquired | Total Checkouts | Full call number | Barcode | Date last seen | Copy number | Price effective from | Koha item type |
|---|---|---|---|---|---|---|---|---|---|---|---|---|---|---|---|
| Dewey Decimal Classification | Virtual | Virtual | Online | 16/12/2011 | ONLINE PUBLICATION | 154508-2001 | 06/08/2019 | 1 | 06/08/2019 | Book |